Nationalteams mit den wenigsten Gegentoren bei Europameisterschaft - Statistiken

Allgemein
  • Dieses Quiz wurde 14 mal gespielt
  • Das Durchschnittsergebnis liegt bei 6 aus 9
Antwortstatistiken
Gegentoren Mannschaft % Korrekt
8 Georgien
82%
3 Nordirland
82%
8 Albanien
73%
3 Finnland
73%
7 Slowenien
73%
9 Island
64%
1 Norwegen
64%
5 Lettland
55%
8 Nord-Mazedonien
55%
Keine übereinstimmenden Quizze gefunden
Verteilung der Resultate
Anzahl Personen mit jedem Resultat
Perzentil nach korrekt beantworteten Fragen
Ihre Resultats-Entwicklung
Sie haben dieses Quiz noch nicht gespielt